Normal view
MARC view
Entry Topical Term
001 - CONTROL NUMBER
- control field: 34317
003 - CONTROL NUMBER IDENTIFIER
- control field: dpl
005 - DATE AND TIME OF LATEST TRANSACTION
- control field: 20110905111918.0
008 - FIXED-LENGTH DATA ELEMENTS
- fixed length control field: 110905|||a|||||| | ||| d
040 ## - CATALOGING SOURCE
- Original cataloging agency: dpl
- Transcribing agency: dpl
150 ## - HEADING--TOPICAL TERM
- Topical term or geographic name as entry element: हिन्दी कहानियाँ
670 ## - SOURCE DATA FOUND
- Source citation: Work cat.: (dpl)3824: ठाकुर, रवीन्द्रनाथ 34316, चुनी हुई कहानियां, 2006
670 ## - SOURCE DATA FOUND
- Source citation: Work cat.: (dpl)3824: ठाकुर, रवीन्द्रनाथ 34316, चुनी हुई कहानियां, 2006
